000 00538nam a2200181Ia 4500
001 21299
005 20260306172909.0
008 260306t2018||||xx |||||||||||||| ||spa||
041 _aESP
082 _a344.525
_bC261
100 _aCoaguila Valdivia, Jaime Francisco
_eAUT
245 0 _aEl delito de robo agravado en medios de transporte terrestre de pasajeros:
_bdogmática, jurisprudencia y política criminal
260 _c2018
300 _a607 páginas :
_c25 cm.
650 _aGEN
654 _aCDE
942 _cLIB
_dJUS
_fJUS
_2ddc
_n
999 _c21299
_d21299